000 00631nam a2200229Ia 4500
005 20260429112257.0
008 260429s9999||||xx |||||||||||||| ||und||
020 _a9781032331935
041 _aEnglish
082 _a307.1
_bWHE
100 _aWheeler, Stephen M.
245 0 _aSustainable urban development reader /
_cStephen M. Wheeler
250 _a4th ed.
260 _aLondon :
_bRoutledge,
_c2023.
300 _axxxii, 508 p.; pbk
440 _aRoutledge urban reader series
650 _a Urban
650 _aSustainable development
700 _a Stout, Frederic
700 _aLeGates, Richard T.
942 _cTB
999 _c53264
_d53264